000
00286nam a2200121Ia 4500
008
211105s9999 xx 000 0 und d
020
_a
VYASA15628
100
_a
Rajeswara Sarma S.
245
0
_a
Vedic Mythology Vol-Ii
250
_a
\N
260
_b
Motilal banarsidass
_c
\N
300
_a
484p.
999
_c
392
_d
392